[Event "World Rapid 2023"]
[Site "Samarkand UZB"]
[Date "2023.12.28"]
[EventDate "2023.12.26"]
[Round "11.98"]
[Result "1-0"]
[White "Ali Kasimov"]
[Black "Shahruh Turayev"]
[WhiteElo "2206"]
[BlackElo "2183"]
[PlyCount "58"]

1. Nf3 d5 2. c4 e6 3. g3 Nf6 4. Bg2 c5 5. cxd5 exd5 6. O-O Nc6 7. d4 cxd4 8.
Nxd4 Bc5 9. Nb3 Bb6 10. Nc3 d4 11. Na4 O-O 12. Nxb6 axb6 13. Bg5 Re8 14. e3 d3
15. Bxf6 Qxf6 16. Qxd3 Ne5 17. Qe2 Bg4 18. f3 Be6 19. f4 Nc4 20. f5 Bd5 21. Bxd5
Nxe3 22. Rfe1 h5 23. Qf3 Ng4 24. h3 Ne5 25. Qxh5 Nd3 26. Rxe8+ Rxe8 27. Rf1 Re3
28. Qg6 Qe7 29. f6 1-0

[Event "World Rapid 2023"]
[Site "Samarkand UZB"]
[Date "2023.12.28"]
[EventDate "2023.12.26"]
[Round "12.4"]
[Result "1/2-1/2"]
[White "Dmitry Andreikin"]
[Black "Fabiano Caruana"]
[WhiteElo "2729"]
[BlackElo "2794"]
[PlyCount "54"]

1. d4 Nf6 2. c4 e6 3. Nf3 d5 4. Bg5 dxc4 5. e4 b5 6. a4 c6 7. Nc3 Bb4 8. e5 h6
9. exf6 hxg5 10. fxg7 Rg8 11. h4 g4 12. Ng5 Qf6 13. Qxg4 Bb7 14. Be2 Nd7 15. Bf3
bxa4 16. O-O Rxg7 17. Nxa4 Bd2 18. Nc3 Bxg5 19. Ne4 Qf4 20. hxg5 Qxg4 21. Bxg4
Ke7 22. f4 f5 23. gxf6+ Nxf6 24. Bf3 Nxe4 25. Bxe4 Kf6 26. Ra4 Rd8 27. Rc1 1/2-1/2

[Event "World Rapid 2023"]
[Site "Samarkand UZB"]
[Date "2023.12.28"]
[EventDate "2023.12.26"]
[Round "12.5"]
[Result "0-1"]
[White "Javokhir Sindarov"]
[Black "Vachier-Lagrave, Maxime"]
[WhiteElo "2701"]
[BlackElo "2731"]
[PlyCount "116"]

1. e4 c5 2. Nf3 d6 3. d4 cxd4 4. Nxd4 Nf6 5. Bd3 g6 6. h3 Bg7 7. c4 Nc6 8. Be3
Ng4 9. hxg4 Bxd4 10. Bxd4 Nxd4 11. Nc3 Qa5 12. f3 Be6 13. Qd2 Nb3 14. axb3 Qxa1+
15. Nd1 Qa6 16. Qc3 f6 17. g5 O-O 18. gxf6 exf6 19. Ne3 Qa1+ 20. Nd1 b6 21. Kd2
Rac8 22. f4 Kg7 23. g4 d5 24. Nf2 d4 25. Rxa1 dxc3+ 26. bxc3 a5 27. f5 Bf7 28.
Ke3 b5 29. cxb5 Rxc3 30. Rxa5 Rxb3 31. Ra7 Kh6 32. Kd2 Bg8 33. Rd7 Kg5 34. e5
fxe5 35. f6 Kf4 36. Ne4 Kxg4 37. Nc5 Rb4 38. Rd6 Rd4 39. Rxd4+ exd4 40. Nd7 Rd8
41. Ne5+ Kf4 42. Nc6 Rd6 43. Ne7 Bf7 44. Nc8 Rxf6 45. b6 Bd5 46. Ba6 h5 47. b7
Bxb7 48. Bxb7 g5 49. Ne7 Rf7 50. Nd5+ Ke5 51. Bc6 h4 52. Nb4 h3 53. Ba8 h2 54.
Nc6+ Kf4 55. Nxd4 Rd7 56. Kd3 Kg3 57. Ke3 Rxd4 58. Kxd4 0-1

[Event "World Rapid 2023"]
[Site "Samarkand UZB"]
[Date "2023.12.28"]
[EventDate "2023.12.26"]
[Round "12.7"]
[Result "1-0"]
[White "R Praggnanandhaa"]
[Black "Jakhongir Vakhidov"]
[WhiteElo "2740"]
[BlackElo "2599"]
[PlyCount "218"]

1. d4 Nf6 2. c4 c5 3. d5 e5 4. Nc3 d6 5. e4 Nbd7 6. Nf3 a6 7. a4 g6 8. h3 h5 9.
Be2 Be7 10. Be3 h4 11. O-O Nh5 12. Ne1 Nf4 13. Bg4 g5 14. Nf3 Nf6 15. Bxc8 Qxc8
16. Nh2 Rg8 17. Ng4 Nxg4 18. Qxg4 Qxg4 19. hxg4 Nd3 20. Rfb1 Bd8 21. a5 Kd7 22.
b3 Bc7 23. Rd1 Nb4 24. Rd2 f6 25. Nd1 Rgb8 26. Ra3 b6 27. axb6 Bxb6 28. Rb2 Bc7
29. Bd2 Rb7 30. Be3 Rab8 31. Rd2 Bd8 32. Nc3 a5 33. Kf1 Na6 34. Rb2 Bc7 35. Nb5
Bd8 36. Ke2 Nb4 37. Nc3 Na6 38. Bd2 Nb4 39. Nb5 Bb6 40. Ra1 Rh8 41. Rh1 Rbb8 42.
Rh3 Ra8 43. Nc3 Bc7 44. Na4 Rab8 45. Bc3 Na6 46. Kd2 Nb4 47. Rb1 Rhe8 48. Ra1
Rb7 49. Rah1 Bd8 50. Kc1 Be7 51. Bd2 Reb8 52. Kb2 Rf8 53. Rf3 Rfb8 54. Ra1 Rh8
55. Nc3 Bd8 56. Nb5 Rh6 57. Nc3 Rh8 58. Rh3 Rf8 59. Nb5 Bb6 60. Be1 Bd8 61. Kc3
Na6 62. Kc2 Nb4+ 63. Kb2 Bb6 64. Bd2 Bd8 65. Rah1 Be7 66. Nc3 Rfb8 67. Na4 Rg8
68. Bxb4 Rxb4 69. Kc2 Rgb8 70. Ra1 Bd8 71. Ra3 Ke7 72. Nb2 R4b7 73. Na4 Kd7 74.
Ra1 Rb4 75. Nb2 R4b7 76. Rd1 Rb4 77. Rdd3 R4b7 78. Kb1 Rb4 79. Ka2 R4b7 80. Ka3
Rb4 81. Na4 R4b7 82. g3 hxg3 83. Rdxg3 Be7 84. Rh7 Ke8 85. Rgh3 Bf8 86. Rxb7
Rxb7 87. Nc3 Rb4 88. Rh7 Be7 89. Na2 Rb8 90. Ka4 Bd8 91. Rh8+ Kf7 92. Rh7+ Ke8
93. Rg7 Be7 94. Rg8+ Bf8 95. Rh8 Kf7 96. Nc1 Ra8 97. Ne2 Kg7 98. Rh3 Rb8 99. Ng3
Ra8 100. Nf5+ Kg8 101. Kb5 Rb8+ 102. Kc6 Ra8 103. Kb7 Rd8 104. Kc7 Ra8 105. Nxd6
a4 106. bxa4 Rxa4 107. Nf5 Kf7 108. Rd3 Ra7+ 109. Kc6 1-0

[Event "World Rapid 2023"]
[Site "Samarkand UZB"]
[Date "2023.12.28"]
[EventDate "2023.12.26"]
[Round "12.8"]
[Result "1/2-1/2"]
[White "Anish Giri"]
[Black "Anton Guijarro, David"]
[WhiteElo "2754"]
[BlackElo "2670"]
[PlyCount "104"]

1. e4 c6 2. d4 d5 3. exd5 cxd5 4. Bd3 Nc6 5. c3 Qc7 6. h3 e6 7. Nf3 Bd6 8. O-O
Nf6 9. Re1 O-O 10. Nbd2 b6 11. Qe2 Ne7 12. Ne5 Bb7 13. Ng4 Nd7 14. Nf3 Ng6 15.
Nfe5 Ndxe5 16. Nxe5 Rfe8 17. Bxg6 hxg6 18. Qd3 a5 19. h4 Ba6 20. Qh3 Bxe5 21.
Rxe5 Qc4 22. Bf4 Qd3 23. Qg4 Qc2 24. Rae1 Bd3 25. Qh3 Be4 26. f3 Bf5 27. g4 Bd3
28. Bc1 f6 29. R5e3 e5 30. dxe5 Rxe5 31. Rxe5 fxe5 32. h5 Kf7 33. Qg3 Re8 34. f4
Be4 35. fxe5 Ke6 36. h6 gxh6 37. Rf1 Kd7 38. Bxh6 Rxe5 39. Rf7+ Kc6 40. Bg7 Re6
41. Qc7+ Kb5 42. Qd7+ Rc6 43. a4+ Qxa4 44. Rf6 Qd1+ 45. Kf2 Qd2+ 46. Kg3 Qe3+
47. Kh4 Qe1+ 48. Kg5 Qd2+ 49. Kh4 Qh2+ 50. Kg5 Qd2+ 51. Kh4 Qh2+ 52. Kg5 Qd2+ 1/2-1/2

[Event "World Rapid 2023"]
[Site "Samarkand UZB"]
[Date "2023.12.28"]
[EventDate "2023.12.26"]
[Round "12.9"]
[Result "1/2-1/2"]
[White "Alexander Grischuk"]
[Black "Subramaniyam H Bharath"]
[WhiteElo "2732"]
[BlackElo "2504"]
[PlyCount "56"]

1. d4 Nf6 2. c4 e6 3. Nc3 Bb4 4. e3 b6 5. Ne2 Ne4 6. Bd2 Nxd2 7. Qxd2 Bb7 8. a3
Be7 9. Nf4 d6 10. Bd3 Nd7 11. Be4 c6 12. Rc1 O-O 13. O-O d5 14. cxd5 cxd5 15.
Bf3 Rc8 16. g3 a6 17. h4 Bd6 18. e4 dxe4 19. Bxe4 Bxe4 20. Nxe4 Rxc1 21. Rxc1
Nf6 22. Nxf6+ Qxf6 23. Ne2 Qf3 24. Qe3 Qb7 25. Qc3 Qe4 26. Qe3 Qb7 27. Qc3 Qe4
28. Qe3 1/2-1/2

[Event "World Rapid 2023"]
[Site "Samarkand UZB"]
[Date "2023.12.28"]
[EventDate "2023.12.26"]
[Round "12.11"]
[Result "0-1"]
[White "Levon Aronian"]
[Black "Volodar Murzin"]
[WhiteElo "2723"]
[BlackElo "2627"]
[PlyCount "128"]

1. e4 e5 2. Bc4 Nf6 3. d3 Nc6 4. Nc3 Bb4 5. Nf3 O-O 6. O-O Bxc3 7. bxc3 h6 8.
Re1 d6 9. h3 Be6 10. Bb3 Ne7 11. d4 Ng6 12. dxe5 dxe5 13. Bxe6 Qxd1 14. Rxd1
fxe6 15. Re1 Rfd8 16. c4 Rd6 17. Bb2 Rc6 18. Nxe5 Nxe5 19. Bxe5 Nd7 20. Bc3 Rxc4
21. Re3 Nc5 22. Rd1 Nxe4 23. Ba1 Rf8 24. Rd4 Rxd4 25. Bxd4 Nd6 26. Rxe6 Rd8 27.
g4 Kf7 28. Re5 b6 29. Kg2 Ne8 30. Rf5+ Kg8 31. Bc3 Rd6 32. Re5 Kf7 33. Bb4 c5
34. Bc3 Rd1 35. Re1 Rd7 36. f4 Nc7 37. Re2 Nd5 38. Be5 Nb4 39. a3 Nc6 40. Bc3 b5
41. f5 b4 42. axb4 cxb4 43. Bb2 a5 44. Kf1 a4 45. Ke1 a3 46. Ba1 Nd4 47. Rf2
Nxc2+ 48. Rxc2 b3 49. Rf2 Rb7 50. Bb2 axb2 51. Rxb2 Kf6 52. Kf2 h5 53. gxh5 Kxf5
54. h6 gxh6 55. Ke3 Ke5 56. h4 h5 57. Kd3 Kf4 58. Kd4 Kg3 59. Ke3 Kxh4 60. Kf3
Kg5 61. Ke4 h4 62. Rg2+ Kh5 63. Rb2 Kg4 64. Rg2+ Kh3 0-1

[Event "World Rapid 2023"]
[Site "Samarkand UZB"]
[Date "2023.12.28"]
[EventDate "2023.12.26"]
[Round "12.12"]
[Result "0-1"]
[White "Kirill Shevchenko"]
[Black "Ian Nepomniachtchi"]
[WhiteElo "2651"]
[BlackElo "2771"]
[PlyCount "182"]

1. Nf3 Nf6 2. c4 e6 3. g3 d5 4. Bg2 Be7 5. O-O O-O 6. b3 c5 7. Bb2 Nc6 8. e3 b6
9. Nc3 dxc4 10. bxc4 Bb7 11. Qe2 Nb4 12. d4 cxd4 13. exd4 Rc8 14. Rfd1 Re8 15.
Rac1 Bf8 16. Qf1 Ba6 17. Ne5 Nfd5 18. Ne2 Ne7 19. Nf4 Ned5 20. Ne2 Ne7 21. Be4
Ng6 22. a3 Na2 23. Ra1 Nxe5 24. dxe5 Qc7 25. Qh3 g6 26. Nd4 Bxc4 27. Bb1 Red8
28. Bxa2 Bxa2 29. Rxa2 Qxe5 30. Qf1 Qe4 31. Ba1 Bg7 32. Rad2 Rd5 33. h3 g5 34.
Re1 Qg6 35. Nf3 Rxd2 36. Nxd2 Bxa1 37. Rxa1 Rc2 38. Nf3 Qf6 39. Kg2 Rc3 40. Ng1
Qd4 41. Rd1 Qe4+ 42. Kh2 Rxa3 43. Qb5 Ra5 44. Qb2 Qe5 45. Qc2 Qf5 46. Qe2 Rd5
47. Ra1 Ra5 48. Re1 Ra3 49. Rd1 Rc3 50. Rd8+ Kg7 51. Kg2 Rc2 52. Qe3 Qc5 53. Rd4
Rc3 54. Qd2 Rc2 55. Qe3 Rc3 56. Qd2 Qc6+ 57. Kh2 h6 58. h4 Qc5 59. hxg5 hxg5 60.
Nh3 Rc2 61. Qe3 Kg6 62. Qe4+ Qf5 63. Qe3 Qc5 64. Qe4+ Qf5 65. Qe1 Rc8 66. g4 Qf6
67. Qe4+ Kg7 68. Rd3 Rc5 69. Kg2 Qe5 70. Qf3 Rd5 71. Re3 Qd4 72. Ng1 a5 73. Ne2
Qf6 74. Qe4 Qg6 75. Qc4 Qf6 76. Rf3 Qe5 77. Ng3 Rd4 78. Qc3 Qc5 79. Qa1 Kf8 80.
Qh1 Rf4 81. Qh8+ Ke7 82. Re3 Qd5+ 83. f3 Rxg4 84. Qb2 Rb4 85. Qc2 Rc4 86. Qh7 g4
87. Nf5+ Kf6 88. Qg7+ Kxf5 89. Qxf7+ Kg5 90. Qg7+ Kf4 91. Re1 Rc2+ 0-1

[Event "World Rapid 2023"]
[Site "Samarkand UZB"]
[Date "2023.12.28"]
[EventDate "2023.12.26"]
[Round "12.13"]
[Result "1-0"]
[White "Richard Rapport"]
[Black "Sandipan Chanda"]
[WhiteElo "2731"]
[BlackElo "2486"]
[PlyCount "40"]

1. d4 f5 2. b3 g6 3. h4 Bg7 4. e3 c5 5. Bb2 Nc6 6. Ne2 d5 7. h5 g5 8. Nbc3 cxd4
9. Nxd4 e5 10. h6 Bf6 11. Qh5+ Kf8 12. Nf3 e4 13. Nxg5 Bxg5 14. Nxd5 Bf6 15.
Nxf6 Nxf6 16. Qg5 Qa5+ 17. Kd1 Ng4 18. Qg7+ Ke8 19. Qxh8+ Kd7 20. Bc3 1-0

[Event "World Rapid 2023"]
[Site "Samarkand UZB"]
[Date "2023.12.28"]
[EventDate "2023.12.26"]
[Round "12.14"]
[Result "1/2-1/2"]
[White "Vladislav Artemiev"]
[Black "Ivan Cheparinov"]
[WhiteElo "2711"]
[BlackElo "2663"]
[PlyCount "86"]

1. c4 e5 2. d3 Nf6 3. Nf3 Nc6 4. Nc3 d5 5. cxd5 Nxd5 6. g3 Bc5 7. Bg2 O-O 8. O-O
h6 9. Na4 Bd6 10. Nd2 Nb6 11. b3 Be6 12. Bb2 Bd5 13. Nxb6 Bxg2 14. Nxa8 Bxf1 15.
Qxf1 Qxa8 16. Rc1 a5 17. a4 Qc8 18. Qg2 Qe6 19. Qe4 Bb4 20. Bc3 Bxc3 21. Rxc3
Rd8 22. Qc4 Nd4 23. Qxe6 Nxe6 24. Kf1 f6 25. e3 Kf7 26. f4 exf4 27. gxf4 Rd5 28.
h4 g5 29. hxg5 hxg5 30. fxg5 fxg5 31. Ne4 Kg6 32. Kg2 Re5 33. Kf3 Rf5+ 34. Kg2
Re5 35. Rc1 Rf5 36. d4 g4 37. Nf2 c5 38. Nxg4 cxd4 39. exd4 Nxd4 40. Rc3 Rg5 41.
Kh3 Rh5+ 42. Kg2 Rg5 43. Kh3 1/2-1/2

[Event "World Rapid 2023"]
[Site "Samarkand UZB"]
[Date "2023.12.28"]
[EventDate "2023.12.26"]
[Round "12.15"]
[Result "0-1"]
[White "Teimour Radjabov"]
[Black "Anton Korobov"]
[WhiteElo "2723"]
[BlackElo "2672"]
[PlyCount "78"]

1. c4 e6 2. Nc3 d5 3. d4 Nf6 4. cxd5 exd5 5. Bg5 Be7 6. e3 c6 7. Bd3 O-O 8. Qc2
Nbd7 9. Nge2 Re8 10. O-O Nf8 11. f3 b5 12. Kh1 Bb7 13. Rad1 h6 14. Bh4 Ne6 15.
Bf2 Rc8 16. Bf5 c5 17. Nxb5 cxd4 18. Qd2 dxe3 19. Bxe3 Bc5 20. Bxc5 Rxc5 21. a4
Ba6 22. Bd3 Qb8 23. b4 Rcc8 24. Rfe1 Red8 25. Qb2 d4 26. Nexd4 Nxd4 27. Nxd4
Bxd3 28. Rxd3 Rc4 29. b5 Qb6 30. Red1 Rxa4 31. g3 Rc4 32. R3d2 Rd5 33. Qa1 g6
34. Qb2 h5 35. Kg2 h4 36. g4 Kh7 37. Qa1 Ne8 38. Kh1 Qf6 39. Kg2 Rdxd4 0-1

[Event "World Rapid 2023"]
[Site "Samarkand UZB"]
[Date "2023.12.28"]
[EventDate "2023.12.26"]
[Round "12.16"]
[Result "1/2-1/2"]
[White "Shant Sargsyan"]
[Black "Sarin Nihal"]
[WhiteElo "2634"]
[BlackElo "2688"]
[PlyCount "38"]

1. d4 Nf6 2. c4 e6 3. Nf3 d5 4. g3 Bb4+ 5. Bd2 Be7 6. Bg2 O-O 7. O-O Nbd7 8. Qc2
c6 9. Rc1 a5 10. a4 Ne4 11. Ne1 Nxd2 12. Nxd2 b6 13. Nd3 Ba6 14. e3 Rc8 15. cxd5
cxd5 16. Qb3 Rxc1+ 17. Rxc1 Qb8 18. Bf1 Rc8 19. Rc3 Bxd3 1/2-1/2

[Event "World Rapid 2023"]
[Site "Samarkand UZB"]
[Date "2023.12.28"]
[EventDate "2023.12.26"]
[Round "12.17"]
[Result "1/2-1/2"]
[White "Giga Quparadze"]
[Black "Van Foreest, Jorden"]
[WhiteElo "2491"]
[BlackElo "2679"]
[PlyCount "86"]

1. e4 e5 2. Nf3 Nc6 3. Bb5 a6 4. Ba4 Nf6 5. O-O Be7 6. Re1 b5 7. Bb3 d6 8. c3
O-O 9. h3 d5 10. exd5 Nxd5 11. Nxe5 Nxe5 12. Rxe5 Bb7 13. d4 Bf6 14. Re1 Re8 15.
a4 b4 16. a5 Qd6 17. Bc4 Qc6 18. Bf1 Rxe1 19. Qxe1 Re8 20. Qd1 bxc3 21. bxc3
Nxc3 22. Nxc3 Qxc3 23. Rb1 Be4 24. Rb3 Qxa5 25. Re3 Bc6 26. Qc2 Bd7 27. Ra3 Qd5
28. Qxc7 Rc8 29. Qf4 Bb5 30. Be3 h5 31. Ra1 Bxf1 32. Kxf1 a5 33. Qf3 Qb5+ 34.
Qe2 Qf5 35. Qa6 Rb8 36. Kg1 Rb5 37. Rc1 h4 38. Qc8+ Qxc8 39. Rxc8+ Kh7 40. Kf1
a4 41. Ra8 Rb4 42. d5 Rb5 43. Rxa4 Rxd5 1/2-1/2

[Event "World Rapid 2023"]
[Site "Samarkand UZB"]
[Date "2023.12.28"]
[EventDate "2023.12.26"]
[Round "12.18"]
[Result "0-1"]
[White "Pavel Ponkratov"]
[Black "Parham Maghsoodloo"]
[WhiteElo "2608"]
[BlackElo "2742"]
[PlyCount "84"]

1. e4 c5 2. Nf3 d6 3. d4 cxd4 4. Nxd4 Nf6 5. Nc3 a6 6. h3 e5 7. Nf3 Qc7 8. Bg5
Nbd7 9. a4 h6 10. Be3 b6 11. Nd2 Bb7 12. Bc4 Be7 13. O-O O-O 14. Qe2 Rfc8 15.
Bb3 Nc5 16. Bxc5 Qxc5 17. Rfd1 Rab8 18. Nf1 Bf8 19. Qf3 Qa5 20. Ng3 Rc7 21. Nf5
Rxc3 22. Qxc3 Qxc3 23. bxc3 Nxe4 24. Rd3 g6 25. Ne3 Nc5 26. Rdd1 Ne4 27. Nd5
Bxd5 28. Bxd5 Nxc3 29. Rd3 Rc8 30. Bb7 Ne2+ 31. Kf1 Rxc2 32. Bxa6 Nc3 33. Bc4 e4
34. Rg3 Bg7 35. Rxg6 d5 36. Bb3 Rb2 37. Rxb6 Bd4 38. Rb8+ Kg7 39. Kg1 Bxf2+ 40.
Kh1 e3 41. a5 e2 42. a6 Rxb3 0-1

[Event "World Rapid 2023"]
[Site "Samarkand UZB"]
[Date "2023.12.28"]
[EventDate "2023.12.26"]
[Round "12.19"]
[Result "1-0"]
[White "Evgeny Tomashevsky"]
[Black "Alexandr Predke"]
[WhiteElo "2681"]
[BlackElo "2689"]
[PlyCount "50"]

1. e4 c5 2. Nf3 Nc6 3. Bb5 e5 4. O-O Be7 5. Re1 Nd4 6. Nxd4 cxd4 7. c3 Nf6 8.
cxd4 exd4 9. d3 O-O 10. Bg5 d5 11. Bxf6 Bxf6 12. exd5 a6 13. Bc4 b5 14. Bb3 Bb7
15. Nd2 Bxd5 16. Ne4 Be7 17. Rc1 Bb7 18. Qh5 Rc8 19. Rxc8 Bxc8 20. Rc1 Bb7 21.
Qe5 Kh8 22. h3 Ba8 23. a3 f5 24. Rc7 Re8 25. Ng5 1-0

[Event "World Rapid 2023"]
[Site "Samarkand UZB"]
[Date "2023.12.28"]
[EventDate "2023.12.26"]
[Round "12.22"]
[Result "0-1"]
[White "Andrey Esipenko"]
[Black "Daniel Dardha"]
[WhiteElo "2702"]
[BlackElo "2598"]
[PlyCount "90"]

1. e4 e5 2. Nf3 Nc6 3. Bc4 d6 4. Nc3 Be7 5. a3 Nf6 6. d3 a6 7. h3 b5 8. Ba2 O-O
9. O-O Be6 10. Nd5 Re8 11. Re1 h6 12. c4 bxc4 13. dxc4 a5 14. Bb3 Nb8 15. Ba4
Nfd7 16. Be3 Bf8 17. b4 f6 18. Nd2 c6 19. Nc3 Nb6 20. Bb3 axb4 21. axb4 Na6 22.
b5 Nc5 23. Rxa8 Qxa8 24. Bxc5 dxc5 25. bxc6 Qxc6 26. Nd5 Ra8 27. Nf3 Ra3 28. Nh4
Nc8 29. Re3 Nd6 30. Ng6 Bxd5 31. exd5 Qe8 32. Nf4 Qa8 33. Ne2 Ra1 34. Nc1 Qa3
35. Re1 Rxc1 36. Qxc1 Qxb3 37. Re3 Qxc4 38. Rc3 Qd4 39. Rxc5 Ne4 40. Rc8 Qxd5
41. Qc7 Nc5 42. Qe7 Ne6 43. Re8 Nf4 44. Qxf8+ Kh7 45. f3 Qd2 0-1

[Event "World Rapid 2023"]
[Site "Samarkand UZB"]
[Date "2023.12.28"]
[EventDate "2023.12.26"]
[Round "12.24"]
[Result "1-0"]
[White "Andrew Hong"]
[Black "Rauf Mamedov"]
[WhiteElo "2539"]
[BlackElo "2651"]
[PlyCount "144"]

1. e4 c5 2. Nf3 g6 3. d4 cxd4 4. Nxd4 Nc6 5. c4 Nf6 6. Nc3 Nxd4 7. Qxd4 d6 8.
Bg5 Bg7 9. Qd2 O-O 10. Bd3 a5 11. O-O a4 12. Rac1 Bd7 13. f4 Bc6 14. Kh1 Nd7 15.
Nd5 Re8 16. Rce1 Nc5 17. Bb1 Bxd5 18. exd5 Nd7 19. f5 Ne5 20. fxg6 fxg6 21. Re4
Qc7 22. Rfe1 Rf8 23. h3 Rf7 24. b3 axb3 25. axb3 Raf8 26. Rf4 Qb6 27. Bc2 Qa7
28. Ref1 Rxf4 29. Rxf4 Rxf4 30. Bxf4 Qa1+ 31. Bd1 Nd7 32. Kh2 Be5 33. Bg4 Nf6
34. Bf3 g5 35. Bg3 h6 36. Qe3 Bxg3+ 37. Kxg3 Kf8 38. h4 Qb2 39. hxg5 hxg5 40.
Kh3 Qb1 41. Qxg5 Qxb3 42. Qf4 Qb1 43. g4 Qf1+ 44. Kg3 Kg7 45. Qe3 Kf8 46. c5
dxc5 47. g5 Nd7 48. Qe6 Qg1+ 49. Bg2 Qc1 50. Qxd7 Qxg5+ 51. Qg4 Qf6 52. Qc8+ Kg7
53. Qxc5 Qe5+ 54. Kf2 b5 55. Qe3 Qf6+ 56. Bf3 b4 57. Qb3 Qd4+ 58. Ke2 Kf6 59.
Qc2 e6 60. Qc6 Qe5+ 61. Kd3 b3 62. d6 Qf5+ 63. Be4 Qf1+ 64. Kc3 Qd1 65. Kb2 Ke5
66. d7 Kf6 67. Qc7 Qd2+ 68. Ka3 Qa2+ 69. Kb4 Qd2+ 70. Qc3+ Qxc3+ 71. Kxc3 Ke7
72. Bc6 1-0

[Event "World Rapid 2023"]
[Site "Samarkand UZB"]
[Date "2023.12.28"]
[EventDate "2023.12.26"]
[Round "12.25"]
[Result "1-0"]
[White "Maxim Matlakov"]
[Black "Mikhail Kobalia"]
[WhiteElo "2670"]
[BlackElo "2542"]
[PlyCount "106"]

1. d4 d5 2. c4 c6 3. Nf3 Nf6 4. e3 Bf5 5. Nc3 e6 6. Nh4 Bg6 7. Bd2 Be7 8. Qb3
Qc7 9. Nxg6 hxg6 10. Rc1 dxc4 11. Bxc4 a6 12. h3 Nbd7 13. O-O O-O 14. e4 e5 15.
dxe5 Nxe5 16. Be2 Rad8 17. Rcd1 Bc5 18. Bg5 b5 19. Kh1 Rxd1 20. Qxd1 Rd8 21. Qc2
Bd4 22. f4 Bxc3 23. Qxc3 Ned7 24. e5 Re8 25. Bf3 Nh7 26. Bh4 c5 27. Rd1 Nhf8 28.
Rd6 Ne6 29. Bc6 Nef8 30. Qd2 Re6 31. Qd5 c4 32. Bf2 Nb6 33. Qf3 Nbd7 34. Qd1 Nb6
35. Qd4 Nbd7 36. Kh2 g5 37. f5 Rxd6 38. Qxd6 Qxd6 39. exd6 Ne5 40. Bb7 a5 41.
Bd4 Nfd7 42. Ba6 b4 43. Bb5 Kf8 44. Kg3 f6 45. Kf2 Nd3+ 46. Ke3 N7e5 47. g3 Kf7
48. Ke4 Kf8 49. Kd5 Kf7 50. Bxc4 Nxc4 51. Kxc4 Nc1 52. Kd5 Ne2 53. Bb6 1-0

[Event "World Rapid 2023"]
[Site "Samarkand UZB"]
[Date "2023.12.28"]
[EventDate "2023.12.26"]
[Round "12.26"]
[Result "0-1"]
[White "Aydin Suleymanli"]
[Black "Hans Moke Niemann"]
[WhiteElo "2609"]
[BlackElo "2667"]
[PlyCount "144"]

1. c4 e5 2. Nc3 Nf6 3. Nf3 Nc6 4. g3 Bb4 5. Bg2 O-O 6. Nd5 e4 7. Nh4 Re8 8. O-O
d6 9. d3 exd3 10. Qxd3 Ne5 11. Qc2 Nxd5 12. cxd5 Qf6 13. Bd2 Bxd2 14. Qxd2 Bg4
15. Rac1 g5 16. Nf3 Bxf3 17. exf3 Re7 18. Rfe1 Rae8 19. Re3 h5 20. h3 h4 21. Qc3
Kg7 22. Kf1 c5 23. dxc6 bxc6 24. Rce1 c5 25. Rd1 Re6 26. Rd5 Kf8 27. Re4 Qg7 28.
f4 gxf4 29. gxf4 Nd7 30. Qxg7+ Kxg7 31. Rxd6 Rxd6 32. Rxe8 Nb6 33. Bf3 Rd4 34.
f5 Kf6 35. Bg4 Nd5 36. Rh8 Rd2 37. Rxh4 Rxb2 38. Rh6+ Kg5 39. Rc6 Nf4 40. Kg1
Nd3 41. Kg2 Kf4 42. f6 Rxf2+ 43. Kg1 Rxa2 44. Kf1 Kg3 45. Rc7 Rf2+ 46. Kg1 Rc2
47. Kf1 Rf2+ 48. Kg1 Rxf6 49. Rxa7 Ne5 50. Ra3+ Kf4 51. Be2 Ke4 52. h4 c4 53.
Kg2 Kd4 54. Ra4 Nd3 55. Kg3 Rg6+ 56. Kf3 Rf6+ 57. Kg3 Ke3 58. Rxc4 Kxe2 59. Re4+
Kd2 60. h5 Nc5 61. Re7 Ne6 62. h6 Rg6+ 63. Kf2 Ng5 64. Rd7+ Kc3 65. Rd5 f6 66.
Ke3 Rxh6 67. Kf4 Ne6+ 68. Kf5 Nd4+ 69. Kg4 Kd3 70. Rd8 f5+ 71. Kg5 Re6 72. Rh8
Ke4 0-1

[Event "World Rapid 2023"]
[Site "Samarkand UZB"]
[Date "2023.12.28"]
[EventDate "2023.12.26"]
[Round "12.27"]
[Result "0-1"]
[White "Tigran L Petrosian"]
[Black "Sergey Grigoriants"]
[WhiteElo "2561"]
[BlackElo "2544"]
[PlyCount "72"]

1. b3 c5 2. Bb2 Nc6 3. Nf3 Nf6 4. e3 e6 5. Be2 d5 6. O-O Be7 7. d4 cxd4 8. exd4
O-O 9. Nbd2 b6 10. a3 Bb7 11. Bd3 Re8 12. Qe2 Bf8 13. Rfe1 g6 14. Rad1 Bg7 15.
Ne5 Qc7 16. f4 a5 17. Rc1 Qd6 18. Kh1 Nh5 19. Rf1 Bh6 20. Qe3 f5 21. c4 Nxe5 22.
dxe5 d4 23. Qh3 Qe7 24. Be2 Nxf4 25. Qxh6 Nxe2 26. Rce1 d3 27. Nf3 Rad8 28. Ng5
Rd7 29. Rd1 Qg7 30. Qh3 h6 31. Nxe6 Rxe6 32. Rxd3 Be4 33. Rxd7 Qxd7 34. Qxh6 Qd3
35. Re1 f4 36. Qh4 f3 0-1

[Event "World Rapid 2023"]
[Site "Samarkand UZB"]
[Date "2023.12.28"]
[EventDate "2023.12.26"]
[Round "12.28"]
[Result "1/2-1/2"]
[White "Shamsiddin Vokhidov"]
[Black "Aleksandr Shimanov"]
[WhiteElo "2596"]
[BlackElo "2578"]
[PlyCount "72"]

1. e4 e6 2. d4 d5 3. e5 c5 4. c3 Nc6 5. Nf3 Nge7 6. Na3 Bd7 7. Nc2 Qa5 8. dxc5
Qc7 9. Ncd4 Nxe5 10. Nxe5 Qxe5+ 11. Be3 a6 12. Be2 Qc7 13. O-O g6 14. b4 e5 15.
Nb3 Bg7 16. Qd2 O-O 17. Bh6 Bxh6 18. Qxh6 Rad8 19. Rfe1 Be6 20. Bd3 Nc6 21. Rad1
d4 22. Qc1 Kg7 23. Be4 Bd5 24. Bxd5 Rxd5 25. a4 Rfd8 26. b5 axb5 27. axb5 Ne7
28. b6 Qc8 29. cxd4 Qd7 30. Na5 exd4 31. Qc4 Nc6 32. Nxc6 Qxc6 33. Re7 Qxc5 34.
Qxc5 Rxc5 35. Rxb7 d3 36. Rc7 Rxc7 1/2-1/2

[Event "World Rapid 2023"]
[Site "Samarkand UZB"]
[Date "2023.12.28"]
[EventDate "2023.12.26"]
[Round "12.29"]
[Result "1-0"]
[White "Alisher Suleymenov"]
[Black "Xiangyu Xu"]
[WhiteElo "2513"]
[BlackElo "2623"]
[PlyCount "58"]

1. d4 Nf6 2. c4 e6 3. Nf3 b6 4. a3 Bb7 5. Nc3 d5 6. cxd5 Nxd5 7. Qc2 c5 8. e4
Nxc3 9. bxc3 Be7 10. Bb5+ Bc6 11. Bd3 O-O 12. O-O Nd7 13. Bb2 Nf6 14. e5 Nd5 15.
Bxh7+ Kh8 16. Be4 Qc7 17. c4 Nf4 18. g3 Qb7 19. Bxc6 Qxc6 20. d5 Nh3+ 21. Kg2
exd5 22. Kxh3 dxc4 23. Kg2 b5 24. Rfe1 Rad8 25. Rad1 a5 26. a4 Rxd1 27. Rxd1 b4
28. Qxc4 Qxa4 29. Ra1 1-0

[Event "World Rapid 2023"]
[Site "Samarkand UZB"]
[Date "2023.12.28"]
[EventDate "2023.12.26"]
[Round "12.30"]
[Result "1/2-1/2"]
[White "Guha Mitrabha"]
[Black "Maksim Chigaev"]
[WhiteElo "2508"]
[BlackElo "2621"]
[PlyCount "94"]

1. d4 Nf6 2. c4 g6 3. g3 Bg7 4. Bg2 O-O 5. Nc3 d6 6. Nf3 c5 7. O-O Nc6 8. dxc5
dxc5 9. Qa4 Bd7 10. Be3 b6 11. Qd1 Qc8 12. Qc1 Bh3 13. Rd1 Bxg2 14. Kxg2 Qb7 15.
Nd5 Ng4 16. Kg1 Nxe3 17. Nxe3 Nd4 18. Nxd4 cxd4 19. Nd5 e6 20. Nb4 Rac8 21. Qc2
a5 22. Nd3 e5 23. Qb3 Qc7 24. Rac1 Bh6 25. Rc2 e4 26. Nf4 Rfd8 27. Ng2 Qc5 28.
a4 Rd6 29. Qb5 Rcd8 30. b3 Kg7 31. Rb2 d3 32. exd3 Rxd3 33. Re1 f5 34. b4 axb4
35. Rxb4 Qxb5 36. Rxb5 Bd2 37. Reb1 Rc8 38. Rxb6 Rxc4 39. Rb7+ Kh6 40. Ra7 Ra3
41. Nh4 Raxa4 42. Nxf5+ gxf5 43. Rb6+ Kh5 44. Rxh7+ Kg4 45. Kg2 f4 46. h3+ Kg5
47. h4+ 1/2-1/2

[Event "World Rapid 2023"]
[Site "Samarkand UZB"]
[Date "2023.12.28"]
[EventDate "2023.12.26"]
[Round "12.31"]
[Result "1-0"]
[White "S L Narayanan"]
[Black "Bardiya Daneshvar"]
[WhiteElo "2677"]
[BlackElo "2591"]
[PlyCount "158"]

1. Nf3 Nf6 2. g3 b6 3. Bg2 Bb7 4. O-O g6 5. c4 c5 6. b3 Bg7 7. Bb2 O-O 8. Nc3 d6
9. d4 cxd4 10. Nxd4 Bxg2 11. Kxg2 Qd7 12. e4 Nc6 13. Nxc6 Qxc6 14. f3 e6 15. Rc1
h5 16. Qe2 a6 17. a4 Nd7 18. Rcd1 Rad8 19. Qc2 Ne5 20. h3 Qc5 21. Qd2 Qb4 22.
Qc2 Qc5 23. h4 Rc8 24. Rf2 Rfd8 25. Rfd2 Bh6 26. Rf2 Kh7 27. Bc1 Bg7 28. Bg5 Rd7
29. Rc1 Nc6 30. Qd1 Qb4 31. Bd2 Na5 32. Nd5 Qxb3 33. Qxb3 Nxb3 34. Nxb6 Nxc1 35.
Bxc1 Rdc7 36. Nxc8 Rxc8 37. Rc2 Bd4 38. Ba3 Bc5 39. Bxc5 Rxc5 40. Kf2 Ra5 41.
Ra2 Kg7 42. Ke3 Kf6 43. Kd4 Ke7 44. f4 e5+ 45. Kc3 exf4 46. gxf4 Ke6 47. Kb4 Rc5
48. a5 Rc8 49. Kc3 Rc7 50. Rb2 Rc5 51. Rb6 Rxa5 52. e5 Kd7 53. Rxd6+ Ke7 54. Kb4
Ra1 55. c5 Rb1+ 56. Kc4 a5 57. Ra6 Rb4+ 58. Kd5 Rxf4 59. c6 Rf1 60. Ra8 Rd1+ 61.
Kc5 Rc1+ 62. Kb6 Rb1+ 63. Ka6 Rc1 64. Kb7 Rb1+ 65. Kc8 Rb5 66. c7 g5 67. hxg5 h4
68. Rb8 Rc5 69. Kb7 Ke6 70. c8=Q+ Rxc8 71. Rxc8 Kxe5 72. Rh8 Kf4 73. Rxh4+ Kxg5
74. Rh1 f5 75. Kc6 Kf4 76. Kd5 Ke3 77. Rh3+ Kd2 78. Ke5 Kc2 79. Ra3 1-0